banner-ar

مشاكلة الناس لزمانهم وما يغلب عليهم فى كل عصر / (Record no. 35019)

MARC details
000 -الفاتح
حقل البيانات ثابتة الطول 00794nam a2200229Ia 4500
008 - عناصر البيانات ثابتة الطول - معلومات عامة
حقل البيانات ثابتة الطول 140319s9999 xx 000 0 ara d
040 ## - مصدر الفهرسة
وكالة الفهرسة الأصلية GCL /
وكالة النسخ GCL
082 04 - رقم تصنيف ديوى العشرى
رقم التصنيف 923.1
رقم المادة ى م
100 1# - المدخل الرئيسى - إسم شخصى
الإسم الشخصى محمد كمال الدين عزالدين
245 10 - بيان العنوان
العنوان مشاكلة الناس لزمانهم وما يغلب عليهم فى كل عصر /
بيان المسئوليه,etc محمد كمال الدين عزالدين
700 1# - المدخل الاضافى - اسم شخصى
الإسم الشخصى اليعقوبى, احمد بن اسحاق بن جعف
300 ## - الوصف المادى
التعداد 51 ص
490 ## - بيان السلسلة
عنوان السلسلة
650 04 - المدخل الاضافى بالموضوع-مصطلح موضوعى
مصطلح موضوعي العالم العربى
650 04 - المدخل الاضافى بالموضوع-مصطلح موضوعى
مصطلح موضوعي التاريخ الاسلامى
650 04 - المدخل الاضافى بالموضوع-مصطلح موضوعى
مصطلح موضوعي التراجم
650 04 - المدخل الاضافى بالموضوع-مصطلح موضوعى
مصطلح موضوعي الملوك والحكام
650 04 - المدخل الاضافى بالموضوع-مصطلح موضوعى
مصطلح موضوعي الخلفاء الراشدون
942 ## - عناصر المدخل الإضافي( كوها)
مصدر التصنيف او مخطط الترفيف Dewey Decimal Classification
Koha [default] item type كتاب
260 ## - PUBLICATION, DISTRIBUTION, ETC. (IMPRINT)
-- [S.N] :
-- عالم الكتب الحديث
Holdings
حالة التراجع حالة الفقد حالة تلف ليس للاعارة المكان المؤقت الموقع الحالى تاريخ الاكتساب اجمالي اﻻعارات رقم الطلب الباركود تاريخ اخر مشاهدة تاريخ تفعيل السعر نوع وعاء كوها
        مكتبة القاهرة الكبرى مكتبة القاهرة الكبرى 03/26/2014   923.1\ى م 85049 03/26/2014 03/26/2014 كتاب
        مكتبة القاهرة الكبرى مكتبة القاهرة الكبرى 03/26/2014   923.1\ى م 85050 03/26/2014 03/26/2014 كتاب

Powered By

EGPV